00554nam a2200181 a 45000010010000000030011000100080041000210350026000620820017000881000011001052450041001162600061001576500016002189420012002349520091002469980020003379990015003570000-8523ELIB.Books110520 1968  a(ELIB.Books)0000-8668 a236.21 bW.T aW.T.B. aThe Truth that Leads to Eternal Life bNew York: Watch Tower Bible and Treact Society of c1968 aEschatology 2ddccBK 00102ddc4070aKBTSbKBTSd2011-05-20l0p25096r2022-01-22 00:00:00w2022-01-22yBK cbate2011-05-20 c8523d8523